Statystyki dla Stolice Województw Polski (z Mapą)

Kliknij tutaj aby rozwiązać quiz!

Ogólne statystyki

  • Ten quiz został rozwiązany 154 950 razy
  • Średni wynik to 15 z 18

Odpowiedzi na mapie

Odpowiedzi skodowane kolorowo w zielono-czerwonej skali na mapie do tego quizu, zgodnie z poniższymi procentami.
 

Statystyki odpowiedzi

Miasta% Poprawnych
Warszawa
99%
Gdańsk
98%
Kraków
95%
Poznań
91%
Szczecin
91%
Łódź
89%
Wrocław
89%
Lublin
88%
Białystok
87%
Katowice
86%
Bydgoszcz
84%
Toruń
83%
Opole
82%
Rzeszów
76%
Zielona Góra
76%
Kielce
72%
Olsztyn
71%
Gorzów Wielkopolski
63%

Rozkład punktacji

Percentyl według liczby udzielonych odpowiedzi

Procent ludzi z każdym wynikiem

Twoja historia wyników

Nie rozwiązałeś tego quizu